| 000 | 00632nam a2200193 i 4500 | ||
|---|---|---|---|
| 001 | 33640 | ||
| 003 | ES-MaACL | ||
| 005 | 20230906154808.0 | ||
| 007 | t| | ||
| 008 | 030203s1965 mx ||||1| spa d | ||
| 100 | 1 |
_aBettelheim, Charles. _928678 |
|
| 245 | 1 | 0 |
_aPlanificación y crecimiento acelerado / _cCharles Bettelheim ; [traducción de Ramón Ramírez Gómez]. |
| 250 | _a[1ª ed.]. | ||
| 260 |
_aMéxico, etc. : _bFondo de Cultura Económica, _c[1965] |
||
| 300 |
_a242 p. ; _c22 cm. |
||
| 700 | 1 |
_aRamírez Gómez, Ramón. _995151 |
|
| 710 | 2 |
_aFondo de Cultura Económica. _94141 |
|
| 852 |
_aES-MaACL _jC-34407 _bR.65327 |
||
| 999 |
_c33640 _d33640 |
||